000
00208nam a22000857a 4500
008
161202b xxu||||| |||| 00| 0 eng d
100
_9
1745
_a
Saini,T.C
245
_a
Computer Sience
260
_a
New Delhi
_b
Methodex
999
_c
4454
_d
4454